Представление документа в формате RUSMARC

ПолеНазваниеЗначение
  Тип записи a
  Библиографический уровень m
001 Контрольный номер 9acff62324cd4494acca082316be4cf3
005 Дата корректировки 20140611130319.4
010 Индекс ISBN __
a ISBN 5-7856-0415-9
101 Язык документа 0_
a Язык текста rus
102 Страна публикации __
a Страна публикации RU
200 Заглавие и сведения об ответственности 1_
a Заглавие Теоретические, эмпирические и правовые основы налогового администрирования
e Сведения, относящиеся к заглавию монография
f Первые сведения об ответственности Т. В. Кириченко, А. А. Арутюнов
210 Выходные данные 1_
c Издательство Маркетинг
a Место издания М.
d Дата издания 2005
215 Физическое описание __
a Объем 95, [1] с.
610 Ключевые слова 0_
a Ключевые слова налоговое администрирование
610 Ключевые слова 0_
a Ключевые слова правовые основы
610 Ключевые слова 0_
a Ключевые слова теоретические основы
610 Ключевые слова 0_
a Ключевые слова эмпирические основы
610 Ключевые слова 0_
a Ключевые слова налоговая система
610 Ключевые слова 0_
a Ключевые слова налоги
610 Ключевые слова 0_
a Ключевые слова монография
686 Индексы других классификаций __
a Классификационный индекс 65.9(2)261.413
2 Код системы rubbk
700 Автор _1
a Фамилия Кириченко
b Имя Т. В.
g Полное личное имя Татьяна Витальевна
y ДА
701 Альтернативная интеллектуальная ответственность _1
a Фамилия Арутюнов
b Имя А. А.
g Полное личное имя Армен Ашотович
y ДА
801 Источник записи _0
a Страна RU
b Организация РУК
c Дата составления 20080318
g Правила каталогизации PSBO
801 Источник записи _1
a Страна RU
b Организация РУК
c Дата составления 20080318
g Правила каталогизации PSBO
852 Данные о местонахождении __
i Авторский знак К 43
j Шифр хранения ББК 65.9(2)26
901 Тип документа __
t Тип документа m
912 Принадлежность преподавателя к РУК __
a Принадлежность преподавателя к РУК Преподаватель Головного вуза
938 Служебная информация __
a Название организации Головной вуз
b Имя БД BOOK
c Название АИБС АИБС ИРБИС